| 000 | 01658cam a2200133 4500500 | ||
|---|---|---|---|
| 005 | 20260405013630.0 | ||
| 041 | _afre | ||
| 042 | _adc | ||
| 100 | 1 | 0 |
_aZekri, Rachel _eauthor |
| 245 | 0 | 0 | _aMise en scène et coordination de l'intimité : Guide pratique pour le théâtre et pour le cinéma |
| 260 |
_bArmand Colin,
_c2025. |
||
| 520 | _aA la suite du mouvement #MeToo et des scandales liés à la mise en scène de l’intime au cinéma, la révolution des pratiques liées à l’intime dans les arts du spectacle (cinéma, audiovisuel, théâtre…) est devenue impérative. Mais si l’évolution des mentalités progresse à grands pas, rares sont les outils pratiques répondant aux problématiques concrètes que les professionnels rencontrent dans leur quotidien.Comment chorégraphier un baiser ou une scène d’intimité sexuelle ? Quels sont les outils permettant de représenter la nudité en respectant les limites de chacun ? Comment travailler avec des mineurs ? Et, au-delà de la mise en scène en elle-même, comment s’assurer qu’un casting ou un lieu de représentation soit un espace sécurisé pour tous (LGBTQ+, personnes racisées…) ?Résolument concret, ce petit guide a pour ambition de permettre aux professionnels comme aux étudiants de mieux repérer les problématiques requérant une attention spécifique, tout en y trouvant les outils pratiques assurant des pratiques fondées sur le consentement et le respect des limites de chacun. | ||
| 856 | 4 | 1 | _uhttps://shs.cairn.info/mise-en-scene-et-coordination-de-l-intimite--9782200641283?lang=fr&redirect-ssocas=7080 |
| 999 |
_c2106865 _d2106865 |
||